| 000 | 00000nam##2200000za#4500 |
| 001 | 9.693558 |
| 003 | CaOODSP |
| 005 | 20231123084324 |
| 007 | cr ||||||||||| |
| 008 | 150407|2002||||xxc|||||o f|0| 0 eng|d |
| 040 | |aCaOODSP|beng |
| 043 | |an-cn--- |
| 086 | 1 |aE2-211/2002E-PDF |
| 110 | 1 |aCanada. |bForeign Affairs and International Trade Canada. |
| 245 | 10|aTrade policy research 2002 / |h[electronic resource]|c[edited by] John M. Curtis and Dan Ciuriak. |
| 260 | |aOttawa - Ontario : |bForeign Affairs and International Trade |cc2002. |
| 300 | |a356p.|bgraphs, references, tables |
| 500 | |aThe catalogue number (E2-211/2002E) and ISBN (0-662-31893-5) for the print edition have been incorrectly copied in this electronic publication. |
| 504 | |aBibliography. |
| 590 | |a10-05-Supp|b2010-07-20 |
| 690 | 07|aResearch|2gcpds |
| 690 | 07|aTrade policy|2gcpds |
| 720 | 1 |aCurtis, John M. |
| 720 | 1 |aCiuriak, Dan |
| 775 | 08|tLes recherches en politique commerciale 2002 / |w(CaOODSP)9.637733 |
| 776 | 0#|tTrade policy research 2002 / |w(CaOODSP)9.648505 |
| 856 | 40|ahttp://publications.gc.ca|qPDF|s2.10 MB|uhttps://publications.gc.ca/collections/Collection/E2-211-2002E.pdf |